Biblographie von Japan 1933 - 1935 : Mit erganzungen fur die jahre

Bewaard in:
Bibliografische gegevens
Hoofdauteur: Praesent, Hans
Formaat: Boek
Taal:Undetermined
Gepubliceerd in: Stuttgart Anton Hiersemann 1970
Onderwerpen:
Tags: Voeg label toe
Geen labels, Wees de eerste die dit record labelt!
Thư viện lưu trữ: Trung tâm Học liệu Trường Đại học Cần Thơ
LEADER 00622nam a2200217Ia 4500
001 CTU_104761
008 210402s9999 xx 000 0 und d
082 |a 025.42 
082 |b P897/Ban.V 
100 |a Praesent, Hans 
245 0 |a Biblographie von Japan 1933 - 1935 : 
245 0 |b Mit erganzungen fur die jahre 
245 0 |c Hans Praesent, Wolf Haenisch 
260 |a Stuttgart 
260 |b Anton Hiersemann 
260 |c 1970 
650 |a Classification,Phân loại 
650 |x Books,Sách 
650 |z Japan,Nhật Bản 
904 |i Truc 
980 |a Trung tâm Học liệu Trường Đại học Cần Thơ